00517nam a2200145Ia 4500003000900000008004100009040001600050080001700066100002400083245015500107260005500262300001800317650001800335650001800353IN-BaIIA211028s9999 xx 000 0 eng d cIIA Library a(035)54bMOD aHodgman Charles, D. 0aHandbook of chemistry and physicsba ready reference book of chemical and physical data.cD. Hodgman Charles  aOhiobThe Chemical Rubber Publishing Companyc1961 axxiii, 3513p. aChemical Data aPhysical Data